000 00368 a2200157 4500
001 149847
040 _cEscola São Tomás de Aquino
100 _aAZEVEDO, Ricardo
240 1 0 _aO livro dos sentidos
_lpor
245 1 0 _aO livro dos sentidos
300 _a79
362 0 _a2000
440 1 _aÁtica
697 _aFolclore / Adivinhações / Lendas
942 _cBK
999 _c149847
_d149847